00648nam a2200217Ia 4500003000400000005001700004008004100021020001800062040001800080041000800098082002300106100002000129245009400149250001200243260005400255300002400309650004200333650001600375700002100391700001800412OSt20250531103842.0210716s2012 xx 000 0 und d a9780007252046 cAIMIT LIBRARY aeng a658.4095 21bBLAK aBlanchard, Ken. aOne minute manager meets the monkey /cBy Ken Blanchard ; William Oncken and Hal Burrows. a1st ed. aIndia :bHarper Collins Publishers India ;c2012. a136p. ;bPBc22 cm. aLeadership and the one minute manager aRaving fans aOncken, William. aBurrows, HAL.